Budapest székesföváros áruforgalma

Guardado en:
Detalles Bibliográficos
Formato: Libro
Lenguaje:húngaro
Publicado: Budapest Statisztikai hivatal 1935
Etiquetas: Agregar Etiqueta
Sin Etiquetas, Sea el primero en etiquetar este registro!

MARC

LEADER 00000nam a2200000 4500
001 0310823
005 20250618133458.0
041 0 |a hun 
044 |a HU 
245 1 0 |a Budapest székesföváros áruforgalma  |c I. Lajos Illyefalvi 
264 1 |a Budapest  |b Statisztikai hivatal  |c 1935